Normal view
MARC view
- Alain-René Le Sage
Entry Personal Name
001 - CONTROL NUMBER
- control field: 13160
003 - CONTROL NUMBER IDENTIFIER
- control field: IT-RoPau
005 - DATE AND TIME OF LATEST TRANSACTION
- control field: 20140212192917.0
008 - FIXED-LENGTH DATA ELEMENTS
- fixed length control field: 140212|| aca||aabn | a|a d
040 ## - CATALOGING SOURCE
- Original cataloging agency: IT-RoPau
- Transcribing agency: IT-RoPau
100 ## - HEADING--PERSONAL NAME
- Personal name: Alain-René Le Sage
670 ## - SOURCE DATA FOUND
- Source citation: Work cat.: (IT-RoPau)15950: Alain-René Le Sage, Il diavolo zoppo., 1945